| 000 | 01248cam a2200337 a 4500 | ||
|---|---|---|---|
| 001 | 000013888 | ||
| 005 | 20200929163403.0 | ||
| 008 | 930921s1991 ck 001 0 spa d | ||
| 020 | _z9586430006 | ||
| 040 |
_aDO-SdBNP _cDLC |
||
| 082 |
_a327.86 _bS232Í |
||
| 245 | 0 | 0 |
_aSantander y los ingleses, 1832-1840 / _ccompilado por Malcolm Deas y Efraín Sánchez. |
| 260 |
_aSantafé de Bogotá : _bFundación Francisco de Paula Santander, _c1991. |
||
| 300 |
_av. ; _c25 cm. |
||
| 490 | 1 | _aBiblioteca de la Presidencia de la República | |
| 490 | 1 |
_aDocumentos _v70-71 |
|
| 500 | _aLa biblioteca posee el volumen 1. | ||
| 500 | _aIncluye índice onomástico. | ||
| 500 | _aIncluye índice toponímico. | ||
| 500 | _aIncluye índice temático. | ||
| 651 | 4 |
_aColombia _xRelaciones Exteriores _zGran Bretaña _931464 |
|
| 651 | 4 |
_aColombia _xHistoria Diplomática _y1832-1886 _931465 |
|
| 651 | 4 |
_aGran Bretaña _xRelaciones Exteriores _zColombia _931466 |
|
| 700 | 1 |
_aDeas, Malcolm D., _d1941- _ecomp. _931467 |
|
| 700 | 1 |
_aSánchez, Efraín, _ecomp. _931468 |
|
| 830 | 0 |
_aBiblioteca de la Presidencia de la Republica _97504 |
|
| 830 | 0 |
_aDocumentos ; _v70-71 _91047 |
|
| 910 | _aCatalogación por copia / LC | ||
| 910 | _aWM | ||
| 049 | _aBNGR | ||
| 999 |
_c13494 _d13494 |
||